| 000 | 00542nam a22001937a 4500 | ||
|---|---|---|---|
| 003 | KOHA_MİRAKIL | ||
| 005 | 20251118082031.0 | ||
| 008 | 251118b tu ||||| |||| 00| 0 tur d | ||
| 020 | _a 9786258327632 | ||
| 040 |
_aTR-AnABB _btur _cTR-AnABB |
||
| 041 | _atur | ||
| 082 |
_a813.42 _bTAR 2022 |
||
| 100 | 1 | _aTarık Dursun K., | |
| 245 | 1 | 0 |
_aKurşun ata ata biter / _cTarık Dursun K. |
| 260 |
_aİstanbul : _bİthaki Yayınları, _c2022 |
||
| 300 |
_a225 sayfa ; _c21 cm |
||
| 650 | 0 | 4 | _aTürk edebiyatı, roman |
| 942 |
_2ddc _cBK |
||
| 999 |
_c9504 _d9504 |
||
| 900 | _bGizem YORULMAZ | ||